00978nam a2200229 a 4500003000200000005001700002008004100019050003200060100002600092245010400118260009200222300004400314504004300358650003500401650003300436650003400469650003900503650004300542942001400585999001700599952013200616020250324161337.0060728s19uu xx 00 eng d aPGS HG 179.A44b.An597 2006 aAniciete, Marc Polly. aA study on the specific allocation of grade six students with big allowance /cMarc Polly Aniciete. aLas Piñas City, Philippines : bSouthville International School and Colleges,c2006. a38 pages : billustrations ; c28 cm.  aIncludes bibliographical references.  aChildrenvEconomic conditions. aChildrenvFinance, Personal. aMoneyvPsychological aspects. aSaving and investmentvChildren.  aStudent allowancesvSpending patterns. 2lcccPASS c97454d97454 00102lcc40aLUXbLUXcPASSd2006-07-24eDONATIONl0oPGS HG 179.A44 .An597 2006pP1493r2014-04-08 00:00:00w2014-04-08yPASS